Catàleg dels protocols notarials de Tarragona : (1472 - 1899) / per Isabel Companys i Farrerons ; i la direcció de Jordi Piqué i Padró (1472 - 1899) / per Isabel Companys i Farrerons ; i la direcció de Jordi Piqué i Padró

per Companys i Farrerons, Isabel

ISBN: 84-7935-785-1
Publicat: Barcelona : Fundació Noguera ; Lleida : Pagès , 2000
Descripció física: 545 p. ; 24 cm

MARC

LEADER 00000nam a2200000Ia 4500
001 13128
008 160829s2000 xx 000 0 cat d
020 |a 84-7935-785-1 
080 |a A-2-110 
100 |a Companys i Farrerons, Isabel  |9 31940 
245 |a Catàleg dels protocols notarials de Tarragona :  |b  (1472 - 1899) / per Isabel Companys i Farrerons ; i la direcció de Jordi Piqué i Padró 
260 |a Barcelona :  |b Fundació Noguera ; Lleida :  |b Pagès,  |c 2000 
300 |a 545 p. ;  |c 24 cm 
490 |a Inventari d'Arxius Notarials de Catalunya ; 23 
650 |a Documents públics  |x Tarragona (Província)  |x Catàlegs   |9 37596 
650 |a Notaris  |x Tarragona (Província)  |x Catàlegs   |9 37597 
650 |a Tarragona (Província)  |x Història  |x Fonts  |9 37598 
700 |a Piqué i Padró, Jordi, dir.   |9 37599 
700 |a Fundació Noguera   |9 70407 
901 |a Arxiu 
942 |n 1 
952 |0 0  |1 0  |4 0  |6 A2110  |7 1  |9 47944  |a Arxiu  |b Arxiu  |d 2016-12-01  |l 0  |o A-2-110  |p 13128  |r 2016-12-01 00:00:00  |w 2016-12-01  |y ARXIU 
999 |c 51744  |d 51744